NFL 2026 Skill Positions - Statistics

General Stats
  • This quiz has been taken 124 times
    29 since last reset
  • The average score is 124 of 256
Answer Stats
Team Pos. Answer % Correct
New York Jets RB Braelon Allen
100%
Buffalo Bills QB Josh Allen
100%
Buffalo Bills RB James Cook III
94%
Houston Texans QB CJ Stroud
81%
Buffalo Bills TE Dalton Kincaid
81%
Houston Texans WR Jayden Higgins
81%
Buffalo Bills WR Khalil Shakir
81%
Cincinnati Bengals WR Tee Higgins
81%
Minnesota Vikings RB Aaron Jones Sr.
75%
Philadelphia Eagles WR A.J. Brown
75%
Detroit Lions WR Amon Ra St Brown
75%
Washington Commanders WR Antonio Williams
75%
Chicago Bears QB Caleb Williams
75%
Dallas Cowboys WR CeeDee Lamb
75%
Cincinnati Bengals RB Chase Brown
75%
Dallas Cowboys QB Dak Prescott
75%
Indianapolis Colts QB Daniel Jones
75%
Pittsburgh Steelers TE Darnell Washington
75%
Miami Dolphins RB De'Von Achane
75%
Philadelphia Eagles WR DeVonta Smith
75%
Buffalo Bills WR DJ Moore
75%
New York Jets QB Geno Smith
75%
Dallas Cowboys WR George Pickens
75%
Detroit Lions WR Jameson Williams
75%
Dallas Cowboys RB Javonte Williams
75%
Seattle Seahawks WR Jaxon Smith Njigba
75%
Los Angeles Rams RB Kyren Williams
75%
Miami Dolphins WR Malik Washington
75%
Atlanta Falcons QB Michael Penix Jr.
75%
Las Vegas Raiders RB Mike Washington Jr.
75%
Jacksonville Jaguars WR Parker Washington
75%
Jacksonville Jaguars QB Trevor Lawrence
75%
Atlanta Falcons RB Bijan Robinson
69%
Atlanta Falcons RB Brian Robinson Jr.
69%
Carolina Panthers QB Bryce Young
69%
Baltimore Ravens RB Derrick Henry
69%
Atlanta Falcons WR Drake London
69%
New England Patriots QB Drake Maye
69%
New England Patriots TE Hunter Henry
69%
Cincinnati Bengals WR Ja'Marr Chase
69%
Carolina Panthers TE Ja'Tavion Sanders
69%
Denver Broncos WR Jaylen Waddle
69%
Cincinnati Bengals QB Joe Burrow
69%
Indianapolis Colts RB Jonathan Taylor
69%
Los Angeles Chargers QB Justin Herbert
69%
Minnesota Vikings WR Justin Jefferson
69%
Minnesota Vikings QB Kyler Murray
69%
Baltimore Ravens QB Lamar Jackson
69%
Miami Dolphins QB Malik Willis
69%
New York Jets TE Mason Taylor
69%
Cleveland Browns RB Quinshon Judkins
69%
Cleveland Browns QB Shedeur Sanders
69%
Tennessee Titans WR Wan'Dale Robinson
69%
Baltimore Ravens WR Zay Flowers
69%
Indianapolis Colts WR Alec Pierce
63%
Las Vegas Raiders RB Ashton Jeanty
63%
Denver Broncos QB Bo Nix
63%
Jacksonville Jaguars WR Brian Thomas Jr.
63%
New York Giants RB Cam Skattebo
63%
Tennessee Titans QB Cam Ward
63%
New Orleans Saints WR Chris Olave
63%
Buffalo Bills TE Dawson Knox
63%
Baltimore Ravens WR Devontez Walker
63%
Pittsburgh Steelers WR DK Metcalf
63%
New York Jets WR Garrett Wilson
63%
Philadelphia Eagles QB Jalen Hurts
63%
New York Giants QB Jaxson Dart
63%
Arizona Cardinals RB Jeremiyah Love
63%
Cleveland Browns WR Jerry Jeudy
63%
Minnesota Vikings WR Jordan Addison
63%
Green Bay Packers QB Jordan Love
63%
New Orleans Saints TE Juwan Johnson
63%
Kansas City Chiefs RB Kenneth Walker III
63%
Atlanta Falcons TE Kyle Pitts Sr.
63%
Dallas Cowboys RB Malik Davis
63%
New York Giants WR Malik Nabers
63%
Baltimore Ravens TE Mark Andrews
63%
Arizona Cardinals WR Michael Wilson
63%
Houston Texans WR Nico Collins
63%
Kansas City Chiefs QB Patrick Mahomes
63%
New England Patriots RB Rhamondre Stevenson
63%
Philadelphia Eagles RB Saquon Barkley
63%
Houston Texans WR Tank Dell
63%
New York Giants TE Theo Johnson
63%
New Orleans Saints RB Travis Etienne Jr.
63%
Los Angeles Chargers WR Tre' Harris
63%
Buffalo Bills RB Ty Johnson
63%
New Orleans Saints QB Tyler Shough
63%
Chicago Bears WR Zavion Thomas
63%
Tampa Bay Buccaneers QB Baker Mayfield
56%
New York Jets RB Breece Hall
56%
Las Vegas Raiders TE Brock Bowers
56%
San Francisco 49ers QB Brock Purdy
56%
Tampa Bay Buccaneers RB Bucky Irving
56%
Philadelphia Eagles TE Dallas Goedert
56%
Houston Texans TE Dalton Schultz
56%
Los Angeles Rams WR Davante Adams
56%
Houston Texans RB David Montgomery
56%
Arizona Cardinals QB Jacoby Brissett
56%
Detroit Lions RB Jahmyr Gibbs
56%
Dallas Cowboys TE Jake Ferguson
56%
Tampa Bay Buccaneers WR Jalen McMillan
56%
Detroit Lions QB Jared Goff
56%
Washington Commanders QB Jayden Daniels
56%
Green Bay Packers RB Josh Jacobs
56%
Los Angeles Chargers WR Ladd McConkey
56%
Arizona Cardinals WR Marvin Harrison Jr.
56%
Los Angeles Rams QB Matthew Stafford
56%
Los Angeles Chargers RB Omarion Hampton
56%
Los Angeles Rams WR Puka Nacua
56%
Kansas City Chiefs WR Rashee Rice
56%
Chicago Bears WR Rome Odunze
56%
Seattle Seahawks QB Sam Darnold
56%
Carolina Panthers WR Tetairoa McMillan
56%
Minnesota Vikings TE TJ Hockenson
56%
Kansas City Chiefs TE Travis Kelce
56%
New England Patriots RB TreVeyon Henderson
56%
New Orleans Saints RB Alvin Kamara
50%
Jacksonville Jaguars TE Brenton Strange
50%
Tennessee Titans WR Carnell Tate
50%
Tampa Bay Buccaneers WR Chris Godwin Jr.
50%
San Francisco 49ers RB Christian McCaffrey
50%
Green Bay Packers WR Christian Watson
50%
Seattle Seahawks WR Cooper Kupp
50%
Denver Broncos WR Courtland Sutton
50%
Chicago Bears RB D'Andre Swift
50%
Tampa Bay Buccaneers WR Emeka Egbuka
50%
San Francisco 49ers TE George Kittle
50%
Cleveland Browns TE Harold Fannin Jr.
50%
New York Giants TE Isaiah Likely
50%
Detroit Lions RB Isaiah Pacheco
50%
Pittsburgh Steelers RB Jaylen Warren
50%
New England Patriots TE Julian Hill
50%
Baltimore Ravens RB Justice Hill
50%
New England Patriots WR Kayshon Boutte
50%
Las Vegas Raiders QB Kirk Cousins
50%
Pittsburgh Steelers WR Michael Pittman Jr.
50%
San Francisco 49ers WR Mike Evans
50%
Seattle Seahawks WR Rashid Shaheed
50%
Washington Commanders WR Terry McLaurin
50%
Green Bay Packers TE Tucker Kraft
50%
Indianapolis Colts TE Tyler Warren
50%
Houston Texans RB Woody Marks
50%
Carolina Panthers WR Xavier Legette
50%
Kansas City Chiefs WR Xavier Worthy
50%
Seattle Seahawks RB Zach Charbonnet
50%
Tennessee Titans WR Calvin Ridley
44%
Carolina Panthers RB Chuba Hubbard
44%
Chicago Bears TE Cole Kmet
44%
Chicago Bears TE Colston Loveland
44%
New York Giants WR Darnell Mooney
44%
Green Bay Packers WR Jaylen Reed
44%
New Orleans Saints WR Jordyn Tyson
44%
Buffalo Bills WR Joshua Palmer
44%
Cleveland Browns WR KC Concepcion
44%
Chicago Bears RB Kyle Monangai
44%
Chicago Bears WR Luther Burden III
44%
Philadelphia Eagles WR Makai Lemon
44%
Green Bay Packers WR Matthew Golden
44%
Cincinnati Bengals TE Mike Gesicki
44%
San Francisco 49ers WR Ricky Pearsall
44%
Pittsburgh Steelers RB Rico Dowdle
44%
New England Patriots WR Romeo Doubs
44%
Detroit Lions TE Sam LaPorta
44%
Tennessee Titans RB Tony Pollard
44%
Arizona Cardinals TE Trey McBride
44%
New York Giants RB Tyrone Tracy Jr.
44%
New York Jets WR Adonai Mitchell
38%
Seattle Seahawks TE AJ Barner
38%
Jacksonville Jaguars RB Bhayshul Tuten
38%
Dallas Cowboys TE Brevyn Spann-Ford
38%
Tampa Bay Buccaneers TE Cade Otton
38%
Washington Commanders TE Chig Okonkwo
38%
San Francisco 49ers WR Christian Kirk
38%
New York Giants WR Darius Slayton
38%
Denver Broncos TE Evan Engram
38%
Detroit Lions WR Isaac TeSlaa
38%
Washington Commanders RB Jacory Croskey-Merritt
38%
Atlanta Falcons WR Jahan Dotson
38%
Jacksonville Jaguars WR Jakobi Meyers
38%
Denver Broncos RB J.K. Dobbins
38%
Minnesota Vikings RB Jordan Mason
38%
Indianapolis Colts WR Josh Downs
38%
Los Angeles Chargers RB Keaton Mitchell
38%
New York Jets TE Kenyon Sadiq
38%
New England Patriots WR Mack Hollins
38%
Pittsburgh Steelers QB Mason Rudolph
38%
Las Vegas Raiders TE Michael Mayer
38%
Los Angeles Chargers TE Oronde Gadsden
38%
Los Angeles Chargers WR Quentin Johnston
38%
Baltimore Ravens WR Rashod Bateman
38%
Denver Broncos RB RJ Harvey
38%
Carolina Panthers TE Tommy Tremble
38%
Las Vegas Raiders WR Tre Tucker
38%
Cincinnati Bengals WR Andrei Iosivas
31%
Los Angeles Rams RB Blake Corum
31%
Miami Dolphins WR Caleb Douglas
31%
Los Angeles Rams TE Colby Parkinson
31%
New Orleans Saints WR Devaughn Vele
31%
Cleveland Browns RB Dylan Sampson
31%
Seattle Seahawks TE Elijah Arroyo
31%
Carolina Panthers WR Jalen Coker
31%
Miami Dolphins WR Jalen Tolbert
31%
Tampa Bay Buccaneers RB Kenneth Gainwell
31%
Washington Commanders WR Luke McCaffrey
31%
New Orleans Saints TE Noah Fant
31%
Atlanta Falcons WR Olamide Zaccheaus
31%
Pittsburgh Steelers TE Pat Freiermuth
31%
Washington Commanders RB Rachaad White
31%
Dallas Cowboys WR Ryan Flournoy
31%
Philadelphia Eagles RB Tank Bigsby
31%
Arizona Cardinals RB Tyler Allgeier
31%
Detroit Lions TE Brock Wright
25%
Cincinnati Bengals TE Drew Sample
25%
Kansas City Chiefs RB Emari Demercado
25%
Tennessee Titans TE Gunnar Helm
25%
Seattle Seahawks RB Jadarian Price
25%
Las Vegas Raiders WR Jalen Nailor
25%
Miami Dolphins RB Jaylen Wright
25%
Minnesota Vikings TE Josh Oliver
25%
Green Bay Packers TE Luke Musgrave
25%
Denver Broncos WR Troy Franklin
25%
Tennessee Titans RB Tyjae Spears
25%
Los Angeles Rams TE Tyler Higbee
25%
Kansas City Chiefs WR Tyquan Thornton
25%
Atlanta Falcons TE Austin Hooper
19%
Los Angeles Chargers TE Charlie Kolar
19%
Green Bay Packers RB Chris Brooks
19%
Jacksonville Jaguars RB Chris Rodriguez Jr.
19%
Cleveland Browns WR Denzel Boston
19%
Miami Dolphins TE Grey Dulcich
19%
Las Vegas Raiders WR Jack Bech
19%
San Francisco 49ers TE Jake Tonges
19%
Carolina Panthers RB Jonathan Brooks
19%
Indianapolis Colts TE Mo Alie-Cox
19%
Kansas City Chiefs TE Noah Gray
19%
Cincinnati Bengals RB Samaje Perine
19%
Denver Broncos TE Adam Trautman
13%
Tennessee Titans TE Daniel Bellinger
13%
Indianapolis Colts RB DJ Giddens
13%
Washington Commanders TE John Bates
13%
Los Angeles Rams WR Jordan Whittington
13%
Arizona Cardinals WR Kendrick Bourne
13%
New York Jets WR Omar Cooper Jr.
13%
Tampa Bay Buccaneers TE Payne Durham
13%
Minnesota Vikings WR Tai Felton
13%
Baltimore Ravens TE Durham Smythe
6%
Philadelphia Eagles TE Eli Stowers
6%
Pittsburgh Steelers WR Germie Bernard
6%
Cleveland Browns TE Jack Stoll
6%
San Francisco 49ers RB Jordan James
6%
Houston Texans TE Marlin Klein
6%
Jacksonville Jaguars TE Nate Boerkircher
6%
Indianapolis Colts WR Nick Westbrook-Ikhine
6%
Arizona Cardinals TE Tip Reiman
6%
Miami Dolphins TE Will Kacmarek
0%
No matching quizzes found
Score Distribution
Percent of People with Each Score
Percentile by Number Answered
Your Score History
You have not taken this quiz since the last reset